000 00261nam a2200109Ia 4500
008 220204s9999 xx 000 0 und d
082 _a338.45.01
_bHOW
100 _aHOWE, W S
245 0 _aIndustrial economics
260 _aLondon
_bMacmillan
_c1978
942 _cBK
999 _c34982
_d34982